000 00395nam a2200169Ia 4500
001 1560
003 IN-NITTTR
005 20251114232916.0
008 251113s9999||||xx |||||||||||||| ||eng||
040 _beng
040 _cIN-NITTTR
041 _aeng
082 _a621.9 J M
100 _aJones, Franklien D.
245 0 _aMachine shop training course /
_cJones, Franklien D.
942 _2ddc
_cBK
999 _c2110
_d2110